| Tag |
First Indicator |
Second Indicator |
Subfields |
| LEADER |
00000cam a2200000 a 4500 |
| 001 |
in00001205621 |
| 005 |
20151002074208.0 |
| 008 |
950113s1994 wau rs 001 0 eng d |
| 035 |
|
|
|a (OCoLC)31810415
|
| 035 |
|
|
|9 AGP0683AM
|
| 040 |
|
|
|a TXA
|c TXA
|d UtOrBLW
|
| 043 |
|
|
|a n-us---
|
| 049 |
|
|
|a TXAM
|
| 090 |
|
|
|a HD9696.C63
|b U52757 1994
|
| 245 |
0 |
4 |
|a The 1994 ParaTechnology directory of systems and network integrators /
|c prepared by Karen Bell [and others].
|
| 264 |
|
1 |
|a Bellevue, WA (12509 Bel-Red Road, Suite 102, Bellevue 98005-2535) :
|b ParaTechnology, Inc.,
|c [1994]
|
| 264 |
|
4 |
|c ©1994
|
| 300 |
|
|
|a 732 pages ;
|c 30 cm.
|
| 336 |
|
|
|a text
|b txt
|2 rdacontent
|
| 337 |
|
|
|a unmediated
|b n
|2 rdamedia
|
| 338 |
|
|
|a volume
|b nc
|2 rdacarrier
|
| 500 |
|
|
|a Cover: Top 1000.
|
| 500 |
|
|
|a Includes indexes.
|
| 500 |
|
|
|a Cover title : The directory of systems and network integrators.
|
| 650 |
|
0 |
|a Computer service industry
|z United States
|v Directories.
|
| 650 |
|
0 |
|a Computer industry
|z United States
|v Directories.
|
| 650 |
|
0 |
|a Computer software industry
|z United States
|v Directories.
|
| 650 |
|
0 |
|a Local area networks industry
|z United States
|x Directories.
|
| 740 |
1 |
|
|a Directory of systems and network integrators.
|
| 700 |
1 |
|
|a Bell, Karen.
|
| 710 |
2 |
|
|a ParaTechnology, Inc.
|
| 999 |
|
|
|a MARS
|
| 999 |
f |
f |
|s 7cdd48b5-c4a2-39e8-90f2-59599e1dbfc7
|i bcb9fd4a-19ad-3031-9d56-81146cf3c82c
|t 0
|
| 952 |
f |
f |
|p ric
|a Texas A&M University
|b Rellis Campus
|c Joint Library Facility
|d Remote Storage
|t 0
|e HD9696.C63 U52757 1994
|h Library of Congress classification
|i unmediated -- volume
|m A14818882586
|
| 998 |
f |
f |
|a HD9696.C63 U52757 1994
|t 0
|l Remote Storage
|